000 00245nam a2200097Ia 4500
001 997612
005 20250826221527.0
008 250824s9999 xx 000 0 und d
245 0 _aNEDEN EVREN
_cKWANGWONG LEE
260 _bHEP KİTAP ÇOCUK YAYINLARI
999 _c997612
_d997612